<?xml version="1.0" encoding="UTF-8"?><collection xmlns="info:lc/xmlns/marcxchange-v2"><record format="Unimarc" type="bibliographic"><leader>00627nam  2200193   450 </leader><controlfield tag="001">2625291</controlfield><controlfield tag="003">http://id.bnportugal.gov.pt/bib/porbase/2625291</controlfield><controlfield tag="005">20140411145900.0</controlfield><datafield ind1=" " ind2=" " tag="010"><subfield code="a">9780664255923</subfield></datafield><datafield ind1=" " ind2=" " tag="035"><subfield code="a">304001-312000.iso/11-09-2014/5296</subfield></datafield><datafield ind1=" " ind2=" " tag="035"><subfield code="a">309340</subfield></datafield><datafield ind1=" " ind2=" " tag="100"><subfield code="a">20140411d2012    km y0pory0103    ba</subfield></datafield><datafield ind1="0" ind2=" " tag="101"><subfield code="a">eng</subfield></datafield><datafield ind1=" " ind2=" " tag="102"><subfield code="a">US</subfield></datafield><datafield ind1="1" ind2=" " tag="200"><subfield code="a">An introduction to the New Testament</subfield><subfield code="e">history, literature, theology</subfield><subfield code="f">M. Eugene Boring</subfield></datafield><datafield ind1=" " ind2=" " tag="210"><subfield code="a">Louisville, Kentucky</subfield><subfield code="c">Westminster John Knox Press</subfield><subfield code="d">2012</subfield></datafield><datafield ind1=" " ind2=" " tag="215"><subfield code="a">XXXIV, 724 p.</subfield><subfield code="c">il.</subfield><subfield code="d">24 cm</subfield></datafield><datafield ind1=" " ind2=" " tag="675"><subfield code="a">225.01</subfield><subfield code="v">2med</subfield><subfield code="z">fre</subfield></datafield><datafield ind1=" " ind2="1" tag="700"><subfield code="a">Boring</subfield><subfield code="b">M. Eugene</subfield></datafield><datafield ind1=" " ind2="0" tag="801"><subfield code="a">PT</subfield><subfield code="b">UCJPII</subfield><subfield code="g">RPC</subfield></datafield></record></collection>